| 000 | 00567nam a2200157 i 4500 | ||
|---|---|---|---|
| 001 | 63313 | ||
| 003 | ES-MaACL | ||
| 005 | 20230906164826.0 | ||
| 007 | t| | ||
| 008 | 031209s1909 ag ||||1| spa d | ||
| 100 | 1 |
_aFerrari Oyhanarte, Elisa. _950319 |
|
| 245 | 1 | 0 |
_aCepeda _b: 23 de octubre de 1859 : ensayo monográfico dedicado al estudio de una paz política de la historia argentina en la época de la organización nacional / _cElisa Ferrari Oyhanarte. |
| 260 |
_aBuenos Aires : _bConi, _c1909. |
||
| 300 |
_aXVI, 402 p. ; _c23 cm. |
||
| 852 |
_aES-MaACL _jF-4455 |
||
| 999 |
_c63313 _d63313 |
||